000
00217 a2200097 4500
000
nam a22 7a 4500
005
20260209173652.0
100
_a
Stuart, Douglas
_9
1114748
245
_a
Shuggie bain
942
_c
TEXL
999
_c
1679071
_d
1679071